[Event "SE-2013-0-00145"]
[Site "LSS email"]
[Date "2013.07.25"]
[Round "?"]
[White "Durmus, Omer"]
[Black "Hogan, Bernardo"]
[Result "0-1"]
[WhiteElo "977"]
[BlackElo "1169"]
[PlyCount "46"]
[EventDate "2013.05.11"]
[EventType "tourn (corr)"]
[EventRounds "6"]
[EventCountry "GER"]
[SourceTitle "Telechess CBM 167"]
[Source "ChessBase"]
[SourceDate "2015.07.13"]
[SourceVersion "1"]
[SourceVersionDate "2015.07.13"]
[SourceQuality "1"]

1. e4 c5 2. Nf3 d6 3. Bc4 Nf6 4. Nc3 a6 5. 0-0 e6 6. d4 cxd4 7. Nxd4 Be7 8. Be3 0-0 9. Nb3 b5 10. Be2 Bb7 11. f3 Nc6 12. f4 Qc7 13. a3 Rfd8 14. f5 d5 15. fxe6 fxe6 16. Bc5 dxe4 17. Qc1 Bd6 18. Rd1 Bxh2+ 19. Kh1 Qg3 20. Bg1 Bxg1 21. Kxg1 e3 22. Rxd8+ Rxd8 23. Nc5 Qf2+ 0-1

[Event "OP-2013-0-02894"]
[Site "LSS email"]
[Date "2013.07.22"]
[Round "?"]
[White "Durmus, Omer"]
[Black "Lenz, Juergen"]
[Result "0-1"]
[WhiteElo "976"]
[BlackElo "1016"]
[PlyCount "52"]
[EventDate "2013.07.17"]
[EventType "tourn (corr)"]
[EventRounds "4"]
[EventCountry "GER"]
[SourceTitle "Telechess CBM 163"]
[Source "ChessBase"]
[SourceDate "2014.11.11"]
[SourceVersion "2"]
[SourceVersionDate "2014.11.11"]
[SourceQuality "1"]

1. e4 Nf6 2. Nc3 d5 3. exd5 Nxd5 4. Nxd5 Qxd5 5. Nf3 c5 6. Be2 Nc6 7. 0-0 Bf5 8. c4 Qd7 9. d3 e5 10. Qa4 Be7 11. Nxe5 Nxe5 12. Qxd7+ Nxd7 13. Bf3 0-0-0 14. Bf4 Bxd3 15. Rfd1 Nf6 16. b3 Rhe8 17. h3 Be4 18. Rxd8+ Bxd8 19. g4 Bxf3 20. Kh2 Bc7 21. Bxc7 Kxc7 22. Kg3 Bc6 23. g5 Ne4+ 24. Kh2 Nxg5 25. h4 Nf3+ 26. Kg3 Nd4 0-1

[Event "SE-2013-0-00145"]
[Site "LSS email"]
[Date "2013.07.22"]
[Round "?"]
[White "Durmus, Omer"]
[Black "Winkler, Matthias"]
[Result "0-1"]
[WhiteElo "977"]
[BlackElo "1214"]
[PlyCount "38"]
[EventDate "2013.05.11"]
[EventType "tourn (corr)"]
[EventRounds "6"]
[EventCountry "GER"]
[SourceTitle "Telechess CBM 167"]
[Source "ChessBase"]
[SourceDate "2015.07.13"]
[SourceVersion "1"]
[SourceVersionDate "2015.07.13"]
[SourceQuality "1"]

1. e4 e5 2. Nf3 Nc6 3. Bc4 Nf6 4. Nc3 Nxe4 5. Nxe4 d5 6. Bd3 f5 7. Nc3 e4 8. Bb5 exf3 9. Qxf3 a6 10. Qe3+ Kf7 11. Bxc6 bxc6 12. 0-0 Bd6 13. Qh3 Re8 14. Qh5+ Kg8 15. d4 f4 16. f3 Rb8 17. Bd2 Rxb2 18. Na4 Rxc2 19. Ba5 Ree2 0-1